000 00779nam a2200241 i 4500
003 DO-SdBNP
005 20230705121313.0
007 ta
008 230630b1993 dr ||||| |||| 00| 0 spa d
040 _aDO-SdBNP
_bspa
_cBNPHU
_erda
082 4 _bR426m
_222
100 _983655
110 _aRepública Dominicana.
_bSecretariado Técnico de la Presidencia. Oficina Nacional de Estadística
_910866
245 1 0 _aManual general :
_bvii censo nacional de población y vivienda
264 1 _aSanto Domingo :
_bOficina Nacional de Estadística,
_c1993.
300 _a44 páginas ;
_c22 cm.
336 _2rdacontent
_atexto
_btxt
337 _2rdamedia
_asin mediación
_bn
338 _2rdacarrier
_avolumen
_bnc
590 _aInventariado, 2023/DG
910 _aDG
942 _2ddc
_cLF2
999 _c54109
_d54109